| 000 | 00506nam a2200157Ia 4500 | ||
|---|---|---|---|
| 008 | 160316s2012 xxu||||| |||| 00| 0 eng d | ||
| 082 |
_a923.200000 _bOUT |
||
| 100 | _a | ||
| 245 | _aA case for bhim rajya (Ambedkar comes into his own in the national consciousness. Now perhaps it's time to embrace a legacy sidelined by the dominant discourse) | ||
| 250 | _a | ||
| 260 |
_a _bOutlook _c2012 |
||
| 300 |
_a8 _b _c |
||
| 365 | _b | ||
| 650 | _a1. Bhim rajya - a case - Ambedkar 2. Buddhism | ||
| 700 |
_a _a |
||
| 999 |
_c36383 _d36383 |
||